000 01818cad a22002175a 4500
001 E146517
008 090129s2009 xxk o f 000 0 eng d
035 _a(Sirsi) u146517
041 0 _aeng
050 0 4 _a711.1 $2 18
110 2 _aScottish Civic Trust
_92679
245 0 0 _aHistoric environment policy project
_ban analysis of development plan policies in Scotland and their conformance with heritage statutes and proposed model policies
_h[electronic resource]
260 _aGlasgow
_bScottish Civic Trust
_c2009
505 _aBackground -- Project outline -- Setting the scene -- Statutory and policy context -- Methodology -- Comments on analysis -- Summary of findings -- Archaeology -- Conservation areas -- Gardens & designed landscapes -- Listed buildings -- Other historic environment -- Summary -- Appendix one: list of councils -- Appendix two: list of development plan policies -- Appendix three: list of interesting & innovative policies -- Appendix four: about the Scottish Civic Trust
520 _aLooks at local planning authorities' policies relating to the historic environment, as set out in their development plans. Compares the policies with the statutory provisions of relevant legislation and lists all development plan policies directly affecting the historic environment. Also compares development plans with the model policies set out in the Scottish Planning Policy 23: Planning and the Historic Environment (see E145660).
521 _aAdvanced
651 4 _aScotland
_y1999-
690 _aENVIRONMENTAL AND LAND CONSULTANCY-PLANNING AND DEVELOPMENT-PLANNING GUIDANCE-LOCAL DEVELOPMENT PLANS
856 4 0 _uhttps://www.scottishcivictrust.org.uk/sct/publications.aspx?sect=20&typeid=0&start=1&dir=DESC
_zView the report free of charge at www.scottishcivictrust.org.uk...
942 _n0
999 _c109206
_d109206